Agricultural finance and credit infrastructure in transition economies proceedings of OECD expert meeting, Moscow, February 1999

Saved in:
Bibliographic Details
Format: Book
Language:English
Published: Paris OECD 1999
Series:OECD Proceedings
Subjects:
Tags: Add Tag
No Tags, Be the first to tag this record!

MARC

LEADER 00000nam a2200000 4500
001 c117818
005 20221108121204.2
020 |a 92-64-17069-3 
041 0 |a eng 
044 |a FR 
245 1 0 |a Agricultural finance and credit infrastructure in transition economies  |b proceedings of OECD expert meeting, Moscow, February 1999 
264 1 |a Paris  |b OECD  |c 1999 
300 |a 394 s. 
490 1 |a OECD Proceedings 
830 0 |a OECD Proceedings 
610 2 0 |a poľnohospodárstvo 
610 2 0 |a financie 
610 2 0 |a infraštruktúra 
610 2 0 |a transformácia 
610 2 0 |a SVE